LEADER 02073nam a2200409 a 4500 001 000000129639 003 CaOOAMICUS 005 20121015104208.0 008 120713s2006 it u000 u ita r 020 $a88-14-11678-4 040 $aPUL$bita 041 1 $aita$hger 100 1 $aBöckenförde, Ernst-Wolfgang.$0(OLS)http://pul/name/52749 240 10$aStaat, Verfassung, Demokratie.$lItaliano.$0(OLS)http://pul/title/165557 245 10$aStato, costituzione, democrazia :$bstudi di teoria della costituzione e di diritto costituzionale /$cErnst-Wolfgang Böckenförde ; a cura di Michele Nicoletti e Omar Brino. 260 $aMilano :$bGiuffrè,$c2006. 300 $aLII, 746 p. ;$c21 cm 490 1 $aCiviltà del diritto ;$v73 500 $aAntologia di diversi testi. 504 $aInclude riferimenti bibliografici. 650 4$aDiritto costituzionale$xTeorie.$0(OLS)http://pul/subject/21707 650 4$aCostituzioni (diritto).$0(OLS)http://pul/subject/14730 700 1 $aBrino, Omar.$0(OLS)http://pul/name/78366 700 1 $aNicoletti, Michele,$d1956-$0(OLS)http://pul/name/13650 830 0$aCiviltà del diritto ;$v73.$0(OLS)http://pul/title/13936 850 $aPUL 852 $aPUL$W1$xDP1 Fondo E. Rossi$y115$m1 B 112$j151372$qFondi$B150171$CPULBib$Z2$F150171 $82 852 $aPUL$W1$xDP2 Diritto e Scienze Sociali 3$y110$m340 COLL 4.73$j175371$qDDC 21$B148654$CPULBib$Z2$F148654 $H120443 $82 852 $aPUL$W1$xDP2 Diritto e Scienze Sociali 3$y110$m340 COLL 4.73B$j197520$qDDC 21$B202305$CPULBib$Z2$F202305 $H133999 $82 941 1 $a1 941 1 $a9 961 $aPrecedente Collocazione: DCiv 94 73 961 $aSul dorso collocazione ms. di E. Rossi: B 68 13 996 $6020$a88-14-11678-4$9(OLS)http://pul/number/150265 996 $6245$aStato, costituzione, democrazia :$bstudi di teoria della costituzione e di diritto costituzionale$9(OLS)http://pul/title/163858 996 $6260$aMilano :$bGiuffrè$9(OLS)http://pul/publisher/48401 LEADER 01285nam a2200301 a 4500 001 000000161453 003 CaOOAMICUS 005 20170621120405.0 008 170621s1996 it u000 u ita r 020 $z88-315-1210-2* 032 $aLibriCat 040 $aPUL$bita 100 1 $aGaeta, Saverio,$d1958-$0(OLS)http://pul/name/34157 245 10$aCultura e pastorale del Terzo millennio :$bda Palermo il nuovo cammino /$cSaverio Gaeta, Sergio Lanza. 260 $a[S.l.] :$bPaoline,$c1996. 300 $a413 p. ;$c21 cm. 490 1 $aUomini, fatti, problemi ;$v20 650 4$aTeologia pastorale$ySec. XXI.$0(OLS)http://pul/subject/41897 700 1 $aLanza, Sergio.$0(OLS)http://pul/name/36320 830 0$aUomini, fatti, problemi ;$v20.$0(OLS)http://pul/title/201182 850 $aPUL 852 $aPUL$W1$xDP1 Fondo S. Lanza$y121$m11 A 58$j185411$qFondi$B188630$CPULBib$Z2$F188630 $H129873 $81 941 1 $a1 961 $aProvenienza: ufficio PUL del prof. Lanza. 996 $6020$z88-315-1210-2*$9(OLS)http://pul/number/162916 996 $6245$aCultura e pastorale del Terzo millennio :$bda Palermo il nuovo cammino$9(OLS)http://pul/title/201181 996 $6260$a[S.l.] :$bPaoline$9(OLS)http://pul/publisher/66550